Top 25 NBA Players going into the 2024-25 Season - Statistics

General Stats
  • This quiz has been taken 282 times
  • The average score is 24 of 25
Answer Stats
Rank Team Answer % Correct
7 Lakers LeBron James
100%
2 Nuggets Nikola Jokic
100%
6 Celtics Jayson Tatum
99%
9 Lakers Anthony Davis
98%
15 Timberwolves Anthony Edwards
98%
4 Bucks Giannis Antetokounmpo
98%
12 Suns Kevin Durant
98%
3 Mavericks Luka Doncic
98%
5 Thunder Shai Gilgeous-Alexander
98%
11 Warriors Steph Curry
98%
13 Suns Devin Booker
97%
14 Celtics Jaylen Brown
97%
21 Heat Jimmy Butler
97%
1 76ers Joel Embiid
97%
8 Knicks Jalen Brunson
96%
16 Spurs Victor Wembanyama
96%
10 Cavs Donovan Mitchell
95%
25 Grizzlies Ja Morant
94%
20 Pelicans Zion Williamson
94%
18 Heat Bam Adebayo
93%
17 Clippers Kawhi Leonard
93%
23 Hawks Trae Young
93%
22 Pacers Tyrese Haliburton
91%
19 Kings Domantas Sabonis
90%
24 Magic Paolo Banchero
88%
No matching quizzes found
Score Distribution
Percent of People with Each Score
Percentile by Number Answered
Your Score History
You have not taken this quiz